[Event "7. Arber-Open Bodenmais 2018"]
[Site "Bodenmais"]
[Date "2018.08.02"]
[Round "6.32"]
[White "Bergmann, Reiner"]
[Black "Hrdina, Karl"]
[Result "0-1"]
[WhiteElo "1808"]
[BlackElo "1957"]
[PlyCount "76"]
[EventDate "2018.??.??"]
[WhiteTeam "SC Bayerwald"]
[BlackTeam "SV MÃ¶dling"]

1. d4 d5 2. Bf4 Nf6 3. e3 e6 4. c3 Bd6 5. Bxd6 Qxd6 6. Nf3 Nbd7 7. Bd3 O-O 8.
Nbd2 Re8 9. h3 e5 10. dxe5 Nxe5 11. Nxe5 Rxe5 12. Nf3 Re7 13. O-O c6 14. Rc1
Be6 15. c4 Rd8 16. c5 Qc7 17. b4 a6 18. a4 Rde8 19. Nd4 Qe5 20. b5 axb5 21.
axb5 Bd7 22. Qf3 Qg5 23. Bf5 Ne4 24. Bxd7 Rxd7 25. bxc6 bxc6 26. Nxc6 Nd2 27.
Qe2 Nxf1 28. Qxf1 Rc7 29. Nb4 Rec8 30. c6 h6 31. Qb5 Kh8 32. Rc5 Ra7 33. Rxd5
Ra1+ 34. Kh2 Qf6 35. Qb7 Rf8 36. Rd2 Qe5+ 37. g3 Qe4 38. f3 Qb1 0-1

[Event "7. Arber-Open Bodenmais 2018"]
[Site "Bodenmais"]
[Date "2018.08.02"]
[Round "6.33"]
[White "Froeschle, Andreas"]
[Black "Stehlik, Christian"]
[Result "1-0"]
[WhiteElo "1869"]
[BlackElo "1747"]
[PlyCount "55"]
[EventDate "2018.??.??"]
[WhiteTeam "SV Unterkochen"]
[BlackTeam "SC Bayerwald"]

1. e4 d5 2. exd5 Qxd5 3. Nc3 Qe6+ 4. Be2 Nc6 5. Nf3 Qg6 6. d3 Qxg2 7. Rg1 Qh3
8. Nb5 Qd7 9. d4 a6 10. Nc3 e6 11. Bf4 g6 12. Qd2 Bd6 13. O-O-O Bxf4 14. Qxf4
Qd6 15. Qe3 b6 16. d5 Na5 17. dxe6 Qxe6 18. Qd4 Qf6 19. Qe4+ Ne7 20. Qxa8 O-O
21. Qe4 Be6 22. Qe5 Qg7 23. Qxg7+ Kxg7 24. Nd4 Bc8 25. Rge1 c5 26. Nb3 Nac6 27.
Bf3 c4 28. Nd4 1-0

[Event "7. Arber-Open Bodenmais 2018"]
[Site "Bodenmais"]
[Date "2018.08.02"]
[Round "6.34"]
[White "Rempe, Jonas"]
[Black "Legemaat, Gerrit"]
[Result "1/2-1/2"]
[WhiteElo "1567"]
[BlackElo "1946"]
[PlyCount "86"]
[EventDate "2018.??.??"]
[WhiteTeam "SK Doppelbauer Kiel"]
[BlackTeam "SV Doorn Driebergen"]

1. e4 c5 2. Nf3 Nc6 3. Nc3 e6 4. d4 cxd4 5. Nxd4 Qb6 6. Nb3 Nf6 7. Be3 Qc7 8.
Be2 a6 9. O-O b5 10. a3 Bb7 11. f4 d6 12. Bf3 Be7 13. Qe2 O-O 14. Qf2 Nd7 15.
g4 Rfe8 16. Bg2 Rab8 17. g5 Na5 18. f5 Nxb3 19. cxb3 exf5 20. Qxf5 Ne5 21. Bd4
Bf8 22. Rac1 Qd7 23. Bxe5 Qxf5 24. Rxf5 dxe5 25. Rcf1 Bc5+ 26. Kh1 Re7 27. Nd5
Bxd5 28. exd5 Rd8 29. Rc1 Bd4 30. d6 Red7 31. Rc7 Rxc7 32. dxc7 Rc8 33. Bb7
Rxc7 34. Bxa6 Rc5 35. b4 Rd5 36. b3 g6 37. Rf1 Bb2 38. a4 Rd3 39. Bxb5 Rxb3 40.
Rxf7 Rxb4 41. Rb7 Bd4 42. Rb8+ Kg7 43. Rb7+ Kg8 1/2-1/2

[Event "7. Arber-Open Bodenmais 2018"]
[Site "Bodenmais"]
[Date "2018.08.02"]
[Round "6.35"]
[White "Rier, Guenter"]
[Black "Wacker, Andreas"]
[Result "1/2-1/2"]
[WhiteElo "1930"]
[BlackElo "1824"]
[PlyCount "41"]
[EventDate "2018.??.??"]
[WhiteTeam "SV MÃ¶dling"]
[BlackTeam "SC Lambsheim"]

1. Nf3 d5 2. d4 Nf6 3. c4 e6 4. Nc3 c5 5. cxd5 Nxd5 6. e4 Nxc3 7. bxc3 b6 8.
Bb5+ Bd7 9. Bxd7+ Nxd7 10. O-O Bd6 11. Bg5 Be7 12. Bf4 Nf6 13. Qa4+ Kf8 14.
Rfe1 Qe8 15. Qxe8+ Kxe8 16. Rad1 Rd8 17. Kf1 c4 18. Rb1 Nd7 19. Ke2 f6 20. e5
f5 21. Bg5 1/2-1/2

[Event "7. Arber-Open Bodenmais 2018"]
[Site "Bodenmais"]
[Date "2018.08.02"]
[Round "6.36"]
[White "Kronschnabl, Matthias"]
[Black "Lehmann, Tim"]
[Result "1/2-1/2"]
[WhiteElo "1751"]
[BlackElo "1915"]
[PlyCount "40"]
[EventDate "2018.??.??"]
[WhiteTeam "SC Bayerwald"]
[BlackTeam "SV Lahn Limburg"]

1. d4 Nf6 2. Bf4 g6 3. e3 Bg7 4. Nf3 O-O 5. c3 d6 6. Nbd2 Nbd7 7. Be2 Nh5 8.
Bg5 h6 9. Bh4 g5 10. Bg3 Nxg3 11. hxg3 e5 12. Qc2 Qe7 13. Ne4 f5 14. Bc4+ Rf7
15. Bxf7+ Qxf7 16. Ned2 g4 17. Nh4 Nb6 18. O-O-O Be6 19. f3 gxf3 20. gxf3 a5
1/2-1/2

[Event "7. Arber-Open Bodenmais 2018"]
[Site "Bodenmais"]
[Date "2018.08.02"]
[Round "6.37"]
[White "Steinbach, Peter"]
[Black "Heydt, Robert"]
[Result "1-0"]
[WhiteElo "2000"]
[BlackElo "1701"]
[PlyCount "57"]
[EventDate "2018.??.??"]
[WhiteTeam "SV Crailsheim"]
[BlackTeam "SK HÃ¶rbranz"]

1. e4 c5 2. Nc3 Nc6 3. f4 g6 4. Nf3 Bg7 5. Bc4 e6 6. O-O Nge7 7. Qe1 d5 8. exd5
exd5 9. Nxd5 O-O 10. Nxe7+ Nxe7 11. d3 Nf5 12. c3 Bd7 13. Qf2 Rc8 14. a4 Bc6
15. Bd2 Bxf3 16. Qxf3 Qb6 17. a5 Qc7 18. a6 b6 19. Rae1 Nd6 20. Bd5 b5 21. Re2
Rfe8 22. Rfe1 Rxe2 23. Rxe2 Bf8 24. g4 Kg7 25. f5 f6 26. fxg6 hxg6 27. Re6 Be7
28. Qe3 Re8 29. Qh6+ 1-0

[Event "7. Arber-Open Bodenmais 2018"]
[Site "Bodenmais"]
[Date "2018.08.02"]
[Round "6.38"]
[White "Reuter, Roland"]
[Black "Lehmann, Nils"]
[Result "1-0"]
[WhiteElo "1953"]
[BlackElo "1681"]
[PlyCount "83"]
[EventDate "2018.??.??"]
[WhiteTeam "SK Schwabach"]
[BlackTeam "SV Lahn Limburg"]

1. e4 e5 2. f4 d6 3. Nf3 Nc6 4. Bc4 Nf6 5. Nc3 Be7 6. O-O O-O 7. d3 h6 8. f5
Na5 9. Bb3 Nxb3 10. axb3 c6 11. Qe1 Nh7 12. Qg3 Ng5 13. Nxg5 hxg5 14. Be3 b6
15. Rad1 f6 16. Qg4 d5 17. d4 exd4 18. Bxd4 c5 19. Bf2 d4 20. Rd3 Ba6 21. Nd5
Bxd3 22. cxd3 Bd6 23. Bg3 Bxg3 24. Qxg3 Rc8 25. Rf3 Rc6 26. h4 Rd6 27. hxg5
fxg5 28. Qg4 Rxd5 29. exd5 Qxd5 30. Qxg5 Rf6 31. Qf4 Qxb3 32. g4 g6 33. Qe5
Qd1+ 34. Kg2 Qd2+ 35. Kg3 Qg5 36. Qe8+ Rf8 37. Qe6+ Kh8 38. f6 Qc1 39. Qe7 Rg8
40. Rf2 Qe3+ 41. Qxe3 dxe3 42. Rh2# 1-0

[Event "7. Arber-Open Bodenmais 2018"]
[Site "Bodenmais"]
[Date "2018.08.02"]
[Round "6.39"]
[White "Naumann, Thomas"]
[Black "Wolff, Peter"]
[Result "0-1"]
[WhiteElo "1710"]
[BlackElo "1894"]
[PlyCount "56"]
[EventDate "2018.??.??"]
[WhiteTeam "ESV Lok DÃ¶beln"]
[BlackTeam "VSG Offenbach"]

1. d4 d5 2. Nf3 Nf6 3. e3 c6 4. c4 e6 5. Nc3 Nbd7 6. Bd3 dxc4 7. Bxc4 b5 8. Bd3
Bb7 9. O-O Bd6 10. b3 O-O 11. Bb2 a6 12. Rc1 c5 13. Nb1 Rc8 14. Qe2 Ne4 15.
Bxe4 Bxe4 16. Nbd2 Bb7 17. Rfd1 Qe7 18. dxc5 Nxc5 19. Nf1 Ne4 20. Nd4 Bb4 21.
Ng3 Nc3 22. Bxc3 Bxc3 23. Qg4 f5 24. Qe2 Rc5 25. Qd3 Rfc8 26. Nge2 Be4 27. Qxc3
Rxc3 28. Nxc3 Bb7 0-1

[Event "7. Arber-Open Bodenmais 2018"]
[Site "Bodenmais"]
[Date "2018.08.02"]
[Round "6.40"]
[White "Fuchs, Florian"]
[Black "Malditz, Dieter"]
[Result "0-1"]
[WhiteElo "1621"]
[BlackElo "1878"]
[PlyCount "68"]
[EventDate "2018.??.??"]
[WhiteTeam "DJK SF Haselbach"]
[BlackTeam "SK Ludwigshafen"]

1. e4 c6 2. d4 d5 3. e5 Bf5 4. Nf3 e6 5. Be2 Nd7 6. O-O h6 7. Be3 Ne7 8. Nbd2
Bh7 9. Nb3 Nf5 10. Qd2 Be7 11. h3 O-O 12. Rac1 Rc8 13. c3 c5 14. Rfd1 c4 15.
Na1 b5 16. Nc2 Rb8 17. b3 a5 18. bxc4 bxc4 19. Nce1 Nxe3 20. Qxe3 Ba3 21. g4
Bxc1 22. Rxc1 f6 23. exf6 Qxf6 24. g5 hxg5 25. Nxg5 e5 26. Bg4 Bf5 27. Nef3 e4
28. Nh4 Bxg4 29. hxg4 g6 30. Rf1 Rb6 31. f3 Qf4 32. Ng2 Qg3 33. fxe4 Rxf1+ 34.
Kxf1 Rb1+ 0-1

[Event "7. Arber-Open Bodenmais 2018"]
[Site "Bodenmais"]
[Date "2018.08.02"]
[Round "6.41"]
[White "Bartels, Christian"]
[Black "Titze, Karsten"]
[Result "0-1"]
[WhiteElo "1614"]
[BlackElo "1852"]
[PlyCount "64"]
[EventDate "2018.??.??"]
[WhiteTeam "Niederlande"]
[BlackTeam "vereinslos"]
[WhiteTeamCountry "NED"]

1. e4 c6 2. Nc3 d6 3. d4 Nf6 4. Bg5 Nbd7 5. f4 Qa5 6. Nf3 Nxe4 7. Qd3 Nxc3 8.
bxc3 Nf6 9. Bxf6 Bf5 10. Qd2 gxf6 11. Bd3 Bh6 12. g3 Bh3 13. Bf1 Bxf1 14. Kxf1
O-O-O 15. Kf2 e5 16. Rhe1 exf4 17. g4 Rde8 18. Nh4 Bg5 19. Nf5 Kd7 20. Rh1 f3
21. Qd3 Re2+ 22. Kg3 Rhe8 23. Qc4 f2 24. Rab1 b5 25. Qxf7+ Kd8 26. Qxe8+ Rxe8
27. Nxd6 Qxc3+ 28. Kg2 Re2 29. Rhf1 Qxc2 30. Nf5 Qe4+ 31. Kh3 Re3+ 32. Nxe3
Qf3# 0-1

[Event "7. Arber-Open Bodenmais 2018"]
[Site "Bodenmais"]
[Date "2018.08.02"]
[Round "6.42"]
[White "Roesch, Felix"]
[Black "Scheuerer, Werner"]
[Result "1/2-1/2"]
[WhiteElo "1523"]
[BlackElo "1828"]
[PlyCount "93"]
[EventDate "2018.??.??"]
[WhiteTeam "SV Urmitz"]
[BlackTeam "SC Garching"]

1. e4 c5 2. Nc3 Nc6 3. Bb5 d6 4. Bxc6+ bxc6 5. h3 g6 6. d4 cxd4 7. Qxd4 Nf6 8.
e5 dxe5 9. Qxd8+ Kxd8 10. Nf3 Nd7 11. O-O Bg7 12. Ng5 Ke8 13. Be3 h6 14. Nge4
a6 15. Rfd1 Rb8 16. b3 f5 17. Nc5 Nxc5 18. Bxc5 Be6 19. Rd2 h5 20. Rad1 Bh6 21.
Be3 Bg7 22. Na4 f4 23. Bc5 g5 24. Ba7 Ra8 25. Nc5 Bf5 26. Bb6 Kf7 27. c4 e4 28.
Na4 f3 29. Bd4 Rhg8 30. Bxg7 Kxg7 31. Nc5 Kf7 32. Rd4 g4 33. Nxe4 gxh3 34. g3
Rg4 35. Nc5 Rxd4 36. Rxd4 Bg4 37. Nd3 Rg8 38. Ne5+ Ke8 39. Nxc6 Rg5 40. Re4 e6
41. Ne5 Bf5 42. Re3 Rg7 43. Nxf3 Rd7 44. Nh4 Rd1+ 45. Kh2 Bg4 46. a3 Rd2 47.
Kg1 1/2-1/2

[Event "7. Arber-Open Bodenmais 2018"]
[Site "Bodenmais"]
[Date "2018.08.02"]
[Round "6.43"]
[White "Krejci, Vera Marie"]
[Black "Glaser, Max"]
[Result "0-1"]
[WhiteElo "1438"]
[BlackElo "1812"]
[PlyCount "64"]
[EventDate "2018.??.??"]
[WhiteTeam "SK Rothenburg"]
[BlackTeam "SC Furth WaldmÃ¼nchen"]

1. e4 e5 2. Nf3 Nf6 3. Nxe5 d6 4. Nf3 Nxe4 5. Nc3 Nxc3 6. dxc3 Be7 7. Be3 Nc6
8. Bc4 Bf6 9. Qe2 O-O 10. O-O-O a6 11. Nd4 Ne5 12. f3 g6 13. g3 d5 14. Bb3 c5
15. f4 Bg4 16. Qg2 Bxd1 17. Rxd1 Ng4 18. Qf3 Nxe3 19. Qxe3 cxd4 20. cxd4 Re8
21. Qf3 Rc8 22. Bxd5 Qc7 23. c3 Rb8 24. h4 Qe7 25. Kd2 b5 26. h5 b4 27. hxg6
bxc3+ 28. Qxc3 Qe2+ 29. Kc1 Rec8 30. gxf7+ Kf8 31. Qc5+ Rxc5+ 32. dxc5 Qxb2#
0-1

[Event "7. Arber-Open Bodenmais 2018"]
[Site "Bodenmais"]
[Date "2018.08.02"]
[Round "6.44"]
[White "Van Hoorebeke, Jimmy"]
[Black "Karner, Carl-Philipp"]
[Result "1-0"]
[WhiteElo "1783"]
[BlackElo "1555"]
[PlyCount "65"]
[EventDate "2018.??.??"]
[WhiteTeam "Belgien"]
[BlackTeam "ASV Burglengenfeld"]
[WhiteTeamCountry "BEL"]

1. e4 Nf6 2. Nc3 e5 3. g3 Bc5 4. Bg2 d6 5. h3 Be6 6. Nge2 Nc6 7. O-O Qd7 8. Kh2
O-O 9. f4 exf4 10. Rxf4 a6 11. d4 Bxd4 12. Nxd4 Ne5 13. Nxe6 fxe6 14. Qe2 b5
15. b3 Nc6 16. Bb2 e5 17. Rf2 Nd4 18. Qd2 Rad8 19. Nd5 Ne6 20. Raf1 Nxd5 21.
Rxf8+ Nxf8 22. Qxd5+ Ne6 23. c4 c6 24. Qd3 b4 25. h4 Qc7 26. Rd1 a5 27. Bh3 Nc5
28. Qe3 Rf8 29. Bxe5 Nxe4 30. Bf4 Nc3 31. Rxd6 Qb7 32. Rd7 Ra8 33. Qe7 1-0

[Event "7. Arber-Open Bodenmais 2018"]
[Site "Bodenmais"]
[Date "2018.08.02"]
[Round "6.45"]
[White "Zametzer, Marcus"]
[Black "Kochendoerfer, Juergen"]
[Result "0-1"]
[WhiteElo "1293"]
[BlackElo "1776"]
[PlyCount "60"]
[EventDate "2018.??.??"]
[WhiteTeam "SK Mangfalltal"]
[BlackTeam "SV Crailsheim"]

1. e4 b6 2. d4 Bb7 3. Bd3 e6 4. Nc3 Bb4 5. Nge2 Nf6 6. O-O d6 7. Bg5 h6 8. Bh4
g5 9. Bg3 Nh5 10. Nb1 Nxg3 11. Nxg3 d5 12. e5 Nd7 13. Nh5 Bf8 14. f4 Qe7 15. f5
O-O-O 16. f6 Qb4 17. Qg4 Nxe5 18. c3 Nxg4 19. cxb4 Ne3 20. Re1 Nc4 21. b3 Nd6
22. Nc3 Ne4 23. Nb5 a6 24. Bxe4 dxe4 25. Nc3 Bxb4 26. Rac1 Rxd4 27. Re2 Rhd8
28. Rec2 Rd2 29. Rxd2 Rxd2 30. Na4 Kb8 0-1

[Event "7. Arber-Open Bodenmais 2018"]
[Site "Bodenmais"]
[Date "2018.08.02"]
[Round "6.46"]
[White "Bartels, Vladimir"]
[Black "Schreiber, Egwin"]
[Result "1-0"]
[WhiteElo "1739"]
[BlackElo "1586"]
[PlyCount "35"]
[EventDate "2018.??.??"]
[WhiteTeam "Niederlande"]
[BlackTeam "SV Deggendorf"]
[WhiteTeamCountry "NED"]

1. e4 e5 2. Nf3 Nc6 3. Bb5 Nd4 4. Nxd4 exd4 5. O-O c6 6. Bc4 b5 7. Bb3 c5 8.
Bd5 Rb8 9. Qh5 Qe7 10. e5 g6 11. Qf3 Bg7 12. Re1 Nh6 13. d3 O-O 14. Qh3 d6 15.
e6 fxe6 16. Bxh6 exd5 17. Rxe7 Bxh3 18. Rxg7+ 1-0

[Event "7. Arber-Open Bodenmais 2018"]
[Site "Bodenmais"]
[Date "2018.08.02"]
[Round "6.47"]
[White "Steppuhn, Simone"]
[Black "Brassat, Juergen"]
[Result "1/2-1/2"]
[WhiteElo "1570"]
[BlackElo "1839"]
[PlyCount "81"]
[EventDate "2018.??.??"]
[WhiteTeam "BrÃ¼hler SK"]
[BlackTeam "SC Bavaria Regensburg von 1881"]

1. d4 e6 2. c4 d6 3. Nc3 g6 4. Nf3 Bg7 5. e4 Nd7 6. Be2 Ne7 7. h3 b6 8. O-O Bb7
9. Bg5 h6 10. Bf4 O-O 11. Qc2 Re8 12. Rad1 a6 13. a4 a5 14. Nb5 Qc8 15. Rc1 Qb8
16. Rfd1 Rd8 17. Bg3 Nc6 18. Qb1 Nb4 19. Bf4 Re8 20. Bd3 Qd8 21. Bf1 Rc8 22. c5
Qf6 23. Be3 bxc5 24. dxc5 d5 25. Bd4 e5 26. Bc3 dxe4 27. Rxd7 exf3 28. Rxc7
Rxc7 29. Nxc7 Rc8 30. Nb5 fxg2 31. Bxg2 Bxg2 32. Kxg2 Qc6+ 33. f3 Qf6 34. Bxb4
Qg5+ 35. Kf2 axb4 36. Nd6 Qd2+ 37. Kg3 Qf4+ 38. Kg2 Qd2+ 39. Kg3 Qf4+ 40. Kg2
Qd2+ 41. Kg3 1/2-1/2

[Event "7. Arber-Open Bodenmais 2018"]
[Site "Bodenmais"]
[Date "2018.08.02"]
[Round "6.48"]
[White "Wunderlich, Matthias"]
[Black "Thullen, Andre"]
[Result "1-0"]
[WhiteElo "1826"]
[BlackElo "1570"]
[PlyCount "73"]
[EventDate "2018.??.??"]
[WhiteTeam "BSV-KW JÃ¤nschwalde"]
[BlackTeam "SV Urmitz"]

1. Nc3 Nf6 2. e4 e5 3. f4 Nc6 4. fxe5 Nxe5 5. d4 Nc6 6. e5 Ng8 7. Nf3 d6 8. Bc4
Bg4 9. O-O Qd7 10. Qe1 O-O-O 11. Ng5 Nh6 12. Nxf7 dxe5 13. Bxh6 gxh6 14. Qe4
exd4 15. Nxd8 dxc3 16. Ne6 Bd6 17. Qxg4 Nd8 18. Qg7 Bc5+ 19. Kh1 Qxg7 20. Nxg7
cxb2 21. Rae1 Nc6 22. Ne6 Bb4 23. Rb1 Bc3 24. Nc5 Nd4 25. Na4 Nxc2 26. Nxc3 Ne3
27. Be6+ Kb8 28. Rf2 Re8 29. Bb3 a6 30. Rfxb2 Nf5 31. Bf7 Re7 32. Rxb7+ Kc8 33.
Bd5 Kd7 34. Bf3 Ke8 35. Nd5 Re5 36. Rxc7 Ne7 37. Rxe7+ 1-0

[Event "7. Arber-Open Bodenmais 2018"]
[Site "Bodenmais"]
[Date "2018.08.02"]
[Round "6.49"]
[White "Desoye, Gernot"]
[Black "Hildebrand, Georg"]
[Result "1-0"]
[WhiteElo "1767"]
[BlackElo "1462"]
[PlyCount "91"]
[EventDate "2018.??.??"]
[WhiteTeam "SF Graz"]
[BlackTeam "SK Marburg"]

1. d4 b6 2. e4 Bb7 3. Bd3 e6 4. Nf3 d6 5. O-O Be7 6. c4 Nd7 7. Qe2 c5 8. d5 e5
9. Nc3 h6 10. Nd1 Ngf6 11. Ne3 g6 12. g3 Bc8 13. Ne1 Nf8 14. f4 exf4 15. Rxf4
Nh5 16. Rf2 Nh7 17. Qc2 Ng5 18. Bf1 Qd7 19. Nf3 Nh3+ 20. Bxh3 Qxh3 21. Qe2 Nf6
22. e5 dxe5 23. Nxe5 O-O 24. Qd3 Qh5 25. Nc6 Re8 26. Nxe7+ Rxe7 27. Rxf6 Bh3
28. Bd2 Rae8 29. Re1 Bf5 30. Qc3 Bh3 31. Rf2 Qe5 32. Qxe5 Rxe5 33. Ng2 Bxg2 34.
Rxe5 Rxe5 35. Kxg2 h5 36. Bc3 Re7 37. Bf6 Rd7 38. Re2 Kf8 39. d6 a5 40. Kf3 a4
41. Re5 Rb7 42. Ke4 b5 43. Rxc5 Ke8 44. Rxb5 Rxb5 45. cxb5 Kd7 46. Kd5 1-0

[Event "7. Arber-Open Bodenmais 2018"]
[Site "Bodenmais"]
[Date "2018.08.02"]
[Round "6.50"]
[White "Stowicek, Lars"]
[Black "Kissel, Ralf"]
[Result "1/2-1/2"]
[WhiteElo "1275"]
[BlackElo "1639"]
[PlyCount "57"]
[EventDate "2018.??.??"]
[WhiteTeam "USV Halle"]
[BlackTeam "SK Mannheim"]

1. e4 e6 2. d4 d5 3. Nd2 c5 4. exd5 exd5 5. Ngf3 Nf6 6. Bb5+ Nc6 7. h3 Qb6 8.
Qe2+ Be7 9. dxc5 Qxc5 10. Nb3 Qd6 11. O-O O-O 12. Bxc6 bxc6 13. Re1 Ne4 14. c3
Bf6 15. Be3 Re8 16. Rac1 Be6 17. Nbd2 Nxd2 18. Qxd2 g6 19. c4 Qc7 20. c5 Qb7
21. b4 a6 22. Bf4 Rad8 23. Bd6 Qc8 24. Ne5 Bg7 25. Nf3 h6 26. Be5 Bxe5 27. Nxe5
Kh7 28. Qf4 f5 29. h4 1/2-1/2

[Event "7. Arber-Open Bodenmais 2018"]
[Site "Bodenmais"]
[Date "2018.08.02"]
[Round "6.51"]
[White "Nusser, Hans-Karl"]
[Black "Schmied, Eva-Maria"]
[Result "1/2-1/2"]
[WhiteElo "1743"]
[BlackElo "1559"]
[PlyCount "130"]
[EventDate "2018.??.??"]
[WhiteTeam "MÃ¼nchener SC"]
[BlackTeam "SC Mpoe Maria Saal"]

1. d4 Nf6 2. c4 g6 3. Nc3 d5 4. cxd5 Nxd5 5. e4 Nxc3 6. bxc3 Bg7 7. Nf3 c5 8.
Be2 Bg4 9. Be3 Nc6 10. O-O Bxf3 11. Bxf3 cxd4 12. cxd4 Bxd4 13. Bxd4 Qxd4 14.
Qb3 Rb8 15. Rfd1 Qe5 16. Rab1 Qc7 17. Bg4 e6 18. Bxe6 fxe6 19. Qxe6+ Qe7 20.
Qxc6+ bxc6 21. Rxb8+ Kf7 22. Rxh8 Kg7 23. Rhd8 Qxe4 24. R8d7+ Kh6 25. Rxa7 Qc2
26. Re1 Qd2 27. Rf1 c5 28. a4 c4 29. Rb7 Qa2 30. Rc1 Qxa4 31. Rc7 Qb5 32. R7xc4
Qb6 33. g3 Qb7 34. Rc6 Qa8 35. h4 Kh5 36. R6c5+ Kh6 37. Rc7 Qd5 38. Kh2 Qd2 39.
R1c2 Qd3 40. R2c4 g5 41. hxg5+ Kxg5 42. Rf4 h5 43. Rg7+ Kh6 44. Rg8 Kh7 45. Rg5
Kh6 46. Rff5 h4 47. gxh4 Qd6+ 48. Rg3 Qd4 49. Rf8 Qe5 50. Rfg8 Kh7 51. R8g5 Qe2
52. Rg2 Kh6 53. Rg8 Kh7 54. R8g3 Qe4 55. h5 Qe5 56. h6 Kh8 57. h7 Qh5+ 58. Rh3
Qe5+ 59. Rhg3 Qh5+ 60. Rh3 Qe5+ 61. Kh1 Qd5 62. Re3 Qh5+ 63. Kg1 Qd1+ 64. Kh2
Qh5+ 65. Rh3 Qe5+ 1/2-1/2

[Event "7. Arber-Open Bodenmais 2018"]
[Site "Bodenmais"]
[Date "2018.08.02"]
[Round "6.52"]
[White "Hoffmann, Steffen"]
[Black "Merkl, Michael"]
[Result "1-0"]
[WhiteElo "1417"]
[BlackElo "1689"]
[PlyCount "103"]
[EventDate "2018.??.??"]
[WhiteTeam "SC NT NÃ¼rnberg"]
[BlackTeam "TSV KÃ¶sching"]

1. d4 Nf6 2. Bf4 g6 3. e3 Bg7 4. Nf3 d6 5. Nc3 c6 6. Be2 Nbd7 7. O-O Nb6 8. b3
Nbd5 9. Nb1 Nxf4 10. exf4 O-O 11. c3 Nd5 12. Qc1 Bh6 13. g3 Bg4 14. Re1 Qb6 15.
Nh4 Bxe2 16. Rxe2 e6 17. Nd2 Bg7 18. Ne4 Qc7 19. Qc2 Nf6 20. Rd1 Rfc8 21. Qd3
Nxe4 22. Qxe4 Qa5 23. Qf3 b5 24. Ng2 Qb6 25. Red2 a5 26. h4 d5 27. h5 c5 28.
hxg6 hxg6 29. g4 cxd4 30. cxd4 b4 31. f5 Rc3 32. Qf4 Qb8 33. Qg5 Qd8 34. Qxd8+
Rxd8 35. Ne3 Bh6 36. fxe6 fxe6 37. Re1 Rdc8 38. Rde2 Rc1 39. Ng2 Rxe1+ 40. Rxe1
Kf7 41. f4 Bg7 42. Rd1 Rc2 43. f5 g5 44. fxe6+ Kxe6 45. Ne3 Re2 46. Nf5 Bf6 47.
Rc1 Re4 48. Rc6+ Kf7 49. Nd6+ Ke7 50. Nxe4 dxe4 51. d5 Be5 52. Re6+ 1-0

[Event "7. Arber-Open Bodenmais 2018"]
[Site "Bodenmais"]
[Date "2018.08.02"]
[Round "6.53"]
[White "Karayilan, Nilufer"]
[Black "Gaedt, Mario"]
[Result "1/2-1/2"]
[WhiteElo "1326"]
[BlackElo "1506"]
[PlyCount "72"]
[EventDate "2018.??.??"]
[WhiteTeam "SV Doorn Driebergen"]
[BlackTeam "SV Bergen"]

1. d4 Nf6 2. c4 g6 3. Nf3 Bg7 4. Nc3 O-O 5. e4 d6 6. Bd3 c5 7. d5 e6 8. O-O Re8
9. Rb1 Na6 10. a3 exd5 11. exd5 Nc7 12. h3 a6 13. Bg5 h6 14. Bf4 Rb8 15. Qc2 b5
16. b3 Nh5 17. Bh2 Bf8 18. Ne4 Ng7 19. g4 f5 20. gxf5 Bxf5 21. Nh4 Bxe4 22.
Bxe4 Qxh4 23. Bxg6 Red8 24. Qd3 Rd7 25. Rfe1 Re7 26. Rxe7 Bxe7 27. Re1 Bf8 28.
Kg2 Nce8 29. Re4 Qd8 30. Rf4 Nf6 31. Qf3 Be7 32. Qe3 Rb7 33. Bg3 Nfh5 34. Bxh5
Nxh5 35. Rg4+ Ng7 36. Qxh6 Bf6 1/2-1/2

[Event "7. Arber-Open Bodenmais 2018"]
[Site "Bodenmais"]
[Date "2018.08.02"]
[Round "6.54"]
[White "Wudi, Tobias"]
[Black "Goerl, Peter"]
[Result "1-0"]
[WhiteElo "1491"]
[BlackElo "1315"]
[PlyCount "47"]
[EventDate "2018.??.??"]
[WhiteTeam "SC Bayerwald"]
[BlackTeam "SC Gardez-Viechtach"]

1. e4 d6 2. d4 e5 3. dxe5 Nc6 4. exd6 Bxd6 5. Nc3 Be6 6. Nf3 Qe7 7. Bd3 Bb4 8.
Bd2 Nf6 9. O-O O-O 10. a3 Ba5 11. Re1 Rfd8 12. Qe2 Bg4 13. h3 Bh5 14. e5 Bxf3
15. Qxf3 Nxe5 16. Qe2 Nfd7 17. f4 Bb6+ 18. Kh1 Re8 19. fxe5 Qh4 20. Qe4 Qe7 21.
Nd5 Qc5 22. Nxb6 cxb6 23. Qxh7+ Kf8 24. Bb4 1-0

[Event "7. Arber-Open Bodenmais 2018"]
[Site "Bodenmais"]
[Date "2018.08.02"]
[Round "6.55"]
[White "Tiggemann, Felix"]
[Black "Lindstaedt, Erik"]
[Result "1-0"]
[WhiteElo "1490"]
[BlackElo "919"]
[PlyCount "111"]
[EventDate "2018.??.??"]
[WhiteTeam "SF SchÃ¶neck"]
[BlackTeam "SV Unser Fritz"]

1. e4 c6 2. d4 d6 3. Nf3 Bg4 4. h3 Bxf3 5. Qxf3 e6 6. Nd2 Be7 7. Bd3 Nf6 8. Qg3
O-O 9. c3 d5 10. e5 Nfd7 11. Nf3 Kh8 12. Be3 f6 13. exf6 Nxf6 14. Qh2 Qb6 15.
b3 c5 16. Qe5 Nbd7 17. Qg3 cxd4 18. Bxd4 Bc5 19. Qh4 Bxd4 20. Qxd4 Qxd4 21.
cxd4 Rac8 22. Kd2 Rc7 23. Rac1 Rfc8 24. Rxc7 Rxc7 25. Rc1 Rxc1 26. Kxc1 Kg8 27.
Ng5 Nf8 28. Kd2 h6 29. Nf3 Kf7 30. Kc3 Ke7 31. Kb4 Kd6 32. Nd2 N8d7 33. g4 e5
34. dxe5+ Nxe5 35. Bf5 g6 36. Bc2 g5 37. a4 Nc6+ 38. Kc3 Kc5 39. Nf3 d4+ 40.
Kd2 Nd5 41. h4 gxh4 42. Nxh4 Nf4 43. Be4 Ne5 44. f3 Kb4 45. Nf5 d3 46. Bxb7
Kxb3 47. Ne3 Nxf3+ 48. Bxf3 Kxa4 49. Be4 Kb5 50. Bxd3+ Nxd3 51. Kxd3 Kc5 52.
Nf5 a5 53. Nxh6 Kb4 54. Kc2 a4 55. g5 a3 56. Kb1 1-0

[Event "7. Arber-Open Bodenmais 2018"]
[Site "Bodenmais"]
[Date "2018.08.02"]
[Round "6.56"]
[White "Krawiec, Jan"]
[Black "Hedzic, Omer"]
[Result "1-0"]
[WhiteElo "1460"]
[BlackElo "1470"]
[PlyCount "37"]
[EventDate "2018.??.??"]
[WhiteTeam "SV Unser Fritz"]
[BlackTeam "SC Bayerwald"]

1. e4 e6 2. d4 b6 3. Nc3 Bb7 4. Bc4 Ne7 5. Nf3 c6 6. d5 cxd5 7. exd5 exd5 8.
Nxd5 Bxd5 9. Bxd5 Nxd5 10. Qxd5 Nc6 11. Ng5 Qe7+ 12. Be3 g6 13. O-O-O Rd8 14.
Rhe1 f6 15. Bd4 Ne5 16. Bxe5 fxg5 17. Bxh8 Qxe1 18. Rxe1+ Be7 19. Qg8# 1-0

[Event "7. Arber-Open Bodenmais 2018"]
[Site "Bodenmais"]
[Date "2018.08.02"]
[Round "6.57"]
[White "Rempe, Lennik"]
[Black "Schloegl, Andreas"]
[Result "1-0"]
[WhiteElo "1143"]
[BlackElo "1204"]
[PlyCount "61"]
[EventDate "2018.??.??"]
[WhiteTeam "SK Doppelbauer Kiel"]
[BlackTeam "SC Beilngries"]

1. e4 e5 2. Nf3 Nc6 3. Nc3 Nf6 4. Bb5 Bb4 5. O-O O-O 6. d3 h6 7. Bxc6 dxc6 8.
Nxe5 Qd6 9. d4 c5 10. Nf3 Bxc3 11. bxc3 Nxe4 12. Re1 Nxc3 13. Qd2 Nb5 14. Nh4
Nxd4 15. Re3 Nf5 16. Nxf5 Qxd2 17. Bxd2 Bxf5 18. Bc3 Rfe8 19. Rg3 g6 20. h3
Bxc2 21. a4 Rad8 22. f4 Rd3 23. Rxd3 Bxd3 24. Rd1 Bc2 25. Rd7 Rc8 26. Bf6 Bxa4
27. Rd5 b6 28. Rd3 Re8 29. Rd2 Re4 30. h4 Rxf4 31. Rd8+ 1-0

[Event "7. Arber-Open Bodenmais 2018"]
[Site "Bodenmais"]
[Date "2018.08.03"]
[Round "7.1"]
[White "Meijers, Viesturs"]
[Black "Milov, Leonid"]
[Result "0-1"]
[WhiteElo "2458"]
[BlackElo "2469"]
[PlyCount "68"]
[EventDate "2018.??.??"]
[WhiteTeam "ESV NickelhÃ¼tte Aue"]
[BlackTeam "SC NT NÃ¼rnberg"]

1. e4 c5 2. Nf3 e6 3. d4 cxd4 4. Nxd4 Nc6 5. Nb5 d6 6. c4 Nf6 7. N5c3 Be7 8.
Be2 O-O 9. O-O b6 10. Be3 Bb7 11. a3 Rc8 12. b3 Ne5 13. f4 Ng6 14. Qd3 Qc7 15.
Nd2 d5 16. exd5 exd5 17. Nxd5 Nxd5 18. cxd5 Rcd8 19. Qc4 Qd7 20. Bf3 Nh4 21.
Be4 Nf5 22. Bf2 Nd6 23. Qa4 Nxe4 24. Qxd7 Rxd7 25. Nxe4 Bxd5 26. Nd2 Bxg2 27.
Kxg2 Rxd2 28. b4 h5 29. Rac1 Bd6 30. Rc4 Re8 31. a4 Rb2 32. b5 Bc5 33. Kg3 Rb3+
34. Kh4 Rf3 0-1